|
|
|
|
| LEADER |
00000nam0a2200000 4500 |
| 001 |
234409 |
| 005 |
20231101231323.0 |
| 035 |
|
|
|a (RuTPU)RU\TPU\book\255532
|
| 090 |
|
|
|a 234409
|
| 100 |
|
|
|a 20130325d2012 m y0rusy50 ca
|
| 101 |
0 |
|
|a eng
|
| 102 |
|
|
|a RU
|
| 105 |
|
|
|a y j 001zy
|
| 200 |
1 |
|
|a Методическое пособие по практической фонетике английского языка (для студентов I, II курсов)
|e учебное пособие для вузов
|f О. Г. Казак, С. С. Фраш
|g Национальный исследовательский Томский политехнический университет (ТПУ)
|
| 210 |
|
|
|a Томск
|c Изд-во ТПУ
|d 2012
|
| 215 |
|
|
|a 95 с.
|
| 320 |
|
|
|a Библиогр.: с. 95.
|
| 330 |
|
|
|a Пособие содержит правила и упражнения по практической фонетике английского языка, включает несколько разделов. В первой его части даны правила и упражнения на чтение английских гласных и сочетаний согласных. Затем подробно рассматриваются словесное и фразовое ударение и приводятся разнообразные упражнения на отработку и закрепление материала. Следующая часть пособия посвящена отработке интонационных моделей английского языка. В заключительном разделе рассматривается стилистический аспект интонации. Содержит приложение, включающее в себя различные диалоги на отработку материала. Предназначено для студентов I, II курсов дневной и очно-заочной форм обучения по специальности 022900 «Перевод и переводоведение».
|
| 606 |
1 |
|
|a Английский язык
|x Учебные руководства и пособия для высшей школы
|x Пособия по фонетике
|2 stltpush
|3 (RuTPU)RU\TPU\subj\29072
|9 52484
|
| 610 |
1 |
|
|a фонетика
|
| 610 |
1 |
|
|a фонетическая структура
|
| 610 |
1 |
|
|a фонетический строй
|
| 610 |
1 |
|
|a фонетическая стилистика
|
| 610 |
1 |
|
|a звуки
|
| 610 |
1 |
|
|a упражнения
|
| 610 |
1 |
|
|a труды учёных ТПУ
|
| 686 |
|
|
|a Ш143.21-923.1
|v LBC/SL-A
|2 rubbk
|
| 700 |
|
1 |
|a Казак
|b О. Г.
|c лингвист
|c доцент Томского политехнического университета
|g Ольга Геннадьевна
|2 stltpush
|3 (RuTPU)RU\TPU\pers\27025
|
| 701 |
|
1 |
|a Фраш
|b С. С.
|c лингвист
|c старший преподаватель Томского политехнического университета
|g Светлана Сергеевна
|2 stltpush
|3 (RuTPU)RU\TPU\pers\28160
|
| 712 |
0 |
2 |
|a Национальный исследовательский Томский политехнический университет (ТПУ)
|c (2009- )
|2 stltpush
|3 (RuTPU)RU\TPU\col\15902
|
| 801 |
|
1 |
|a RU
|b 63413507
|c 20130325
|
| 801 |
|
2 |
|a RU
|b 63413507
|c 20130329
|g RCR
|
| 942 |
|
|
|c BK
|